[Event "msr26ss"]
[Site "?"]
[Date "2026.03.26"]
[Round "1.10"]
[White "Sustiak, Peter"]
[Black "Hitka, Dominik"]
[Result "0-1"]
[BlackElo "2104"]
[WhiteElo "1000"]
[LiveChessVersion "1.4.8"]

1. d4 {[%clk 0:10:02]} Nf6 {[%clk 0:09:57]} 2. Bf4 {[%clk 0:10:02]} g6
{[%clk 0:09:57]} 3. e3 {[%clk 0:10:02]} Bg7 {[%clk 0:09:53]} 4. Nf3
{[%clk 0:10:01]} d5 {[%clk 0:09:53]} 5. Bd3 {[%clk 0:09:59]} O-O {[%clk 0:09:44]}
6. O-O {[%clk 0:09:58]} c5 {[%clk 0:09:32]} 7. c3 {[%clk 0:09:58]} Nc6
{[%clk 0:09:29]} 8. Nbd2 {[%clk 0:09:55]} Re8 {[%clk 0:09:24]} 9. Ne5
{[%clk 0:09:53]} Nxe5 {[%clk 0:09:12]} 10. dxe5 {[%clk 0:09:53]} Nd7
{[%clk 0:09:00]} 11. Nf3 {[%clk 0:09:51]} e6 {[%clk 0:08:54]} 12. e4
{[%clk 0:09:34]} Qc7 {[%clk 0:08:10]} 13. Bb5 {[%clk 0:08:56]} dxe4
{[%clk 0:07:43]} 14. Bxd7 {[%clk 0:08:35]} Bxd7 {[%clk 0:07:12]} 15. Ng5
{[%clk 0:08:28]} Bc6 {[%clk 0:06:33]} 16. Re1 {[%clk 0:08:09]} Bxe5
{[%clk 0:06:29]} 17. Bxe5 {[%clk 0:08:08]} Qxe5 {[%clk 0:06:29]} 18. Qc2
{[%clk 0:07:50]} Qxg5 {[%clk 0:06:28]} 19. b3 {[%clk 0:07:37]} Rad8
{[%clk 0:06:24]} 20. Rad1 {[%clk 0:06:21]} Rxd1 {[%clk 0:06:25]} 21. Rxd1
{[%clk 0:06:21]} Rd8 {[%clk 0:06:25]} 22. Rxd8+ {[%clk 0:06:11]} Qxd8
{[%clk 0:06:25]} 23. h3 {[%clk 0:06:06]} Qg5 {[%clk 0:06:25]} 24. Qe2
{[%clk 0:05:37]} h5 {[%clk 0:06:07]} 25. c4 {[%clk 0:05:22]} Qe5 {[%clk 0:05:51]}
26. Qe3 {[%clk 0:04:50]} Kg7 {[%clk 0:05:44]} 27. Qg3 {[%clk 0:04:13]} Qxg3
{[%clk 0:05:40]} 28. fxg3 {[%clk 0:04:13]} e3 {[%clk 0:05:41]} 29. Kf1
{[%clk 0:04:12]} e2+ {[%clk 0:05:41]} 30. Kxe2 {[%clk 0:04:11]} Bxg2
{[%clk 0:05:41]} 31. Ke3 {[%clk 0:04:08]} Bxh3 {[%clk 0:05:39]} 32. a3
{[%clk 0:04:01]} Kf6 {[%clk 0:05:39]} 33. b4 {[%clk 0:04:01]} Ke5
{[%clk 0:05:34]} 34. Kd3 {[%clk 0:03:56]} Bf1+ {[%clk 0:05:32]} 35. Kc3
{[%clk 0:03:56]} g5 {[%clk 0:05:33]} 36. bxc5 {[%clk 0:03:56]} h4
{[%clk 0:05:33]} 37. gxh4 {[%clk 0:03:38]} gxh4 {[%clk 0:05:33]} 38. c6
{[%clk 0:03:39]} bxc6 {[%clk 0:05:34]} 39. Kb4 {[%clk 0:03:39]} Bxc4
{[%clk 0:05:31]} 40. Kxc4 {[%clk 0:03:39]} h3 {[%clk 0:05:31]} 41. Kc5
{[%clk 0:03:39]} h2 {[%clk 0:05:32]} 42. Kxc6 {[%clk 0:03:39]} h1=Q+
{[%clk 0:05:28]} 43. Kc7 {[%clk 0:03:39]} Qc1+ {[%clk 0:05:25]} 44. Kb8
{[%clk 0:03:38]} Kd6 {[%clk 0:05:24]} 45. Ka8 {[%clk 0:03:38]} Kc7
{[%clk 0:05:22]} 46. a4 {[%clk 0:03:35]} Qb2 {[%clk 0:05:21]} 47. a5
{[%clk 0:03:34]} Qb8# 0-1

[Event "msr26ss"]
[Site "?"]
[Date "2026.03.26"]
[Round "1.11"]
[White "Lakota, Jan"]
[Black "Cizmarova, Natalia"]
[Result "1-0"]
[BlackElo "1000"]
[WhiteElo "1878"]
[LiveChessVersion "1.4.8"]

1. e4 {[%clk 0:10:01]} d6 {[%clk 0:10:02]} 2. d4 {[%clk 0:09:53]} g6
{[%clk 0:09:59]} 3. Nf3 {[%clk 0:09:52]} Nf6 {[%clk 0:09:55]} 4. Bd3
{[%clk 0:09:52]} Bg7 {[%clk 0:09:55]} 5. h3 {[%clk 0:09:50]} O-O {[%clk 0:09:53]}
6. O-O {[%clk 0:09:49]} Nc6 {[%clk 0:09:52]} 7. c3 {[%clk 0:09:48]} e5
{[%clk 0:09:50]} 8. Nbd2 {[%clk 0:09:34]} Re8 {[%clk 0:09:33]} 9. Re1
{[%clk 0:09:24]} d5 {[%clk 0:09:19]} 10. dxe5 {[%clk 0:08:34]} dxe4
{[%clk 0:08:31]} 11. exf6 {[%clk 0:08:19]} Bxf6 {[%clk 0:08:25]} 12. Nxe4
{[%clk 0:08:06]} Bf5 {[%clk 0:07:58]} 13. Nxf6+ {[%clk 0:07:44]} Qxf6
{[%clk 0:07:58]} 14. Rxe8+ {[%clk 0:07:44]} Rxe8 {[%clk 0:07:58]} 15. Bg5
{[%clk 0:07:39]} Qd6 {[%clk 0:07:44]} 16. Bxf5 {[%clk 0:07:34]} gxf5
{[%clk 0:07:24]} 17. Qxd6 {[%clk 0:07:29]} cxd6 {[%clk 0:07:23]} 18. Kf1
{[%clk 0:07:25]} Ne5 {[%clk 0:07:08]} 19. Nxe5 {[%clk 0:07:16]} Rxe5
{[%clk 0:07:03]} 20. Rd1 {[%clk 0:06:55]} d5 {[%clk 0:06:58]} 21. Re1
{[%clk 0:06:41]} Re6 {[%clk 0:06:29]} 22. Rxe6 {[%clk 0:06:28]} fxe6
{[%clk 0:06:30]} 23. Bf4 {[%clk 0:06:29]} Kf7 {[%clk 0:06:29]} 24. Be5
{[%clk 0:06:29]} h6 {[%clk 0:06:23]} 25. Ke2 {[%clk 0:06:25]} Kg6
{[%clk 0:06:20]} 26. Ke3 {[%clk 0:06:20]} h5 {[%clk 0:06:13]} 27. Kd4
{[%clk 0:06:18]} Kg5 {[%clk 0:06:03]} 28. Kc5 {[%clk 0:06:14]} f4
{[%clk 0:05:50]} 29. Kd6 {[%clk 0:05:47]} Kf5 {[%clk 0:05:43]} 30. f3
{[%clk 0:05:29]} h4 {[%clk 0:05:33]} 31. a4 {[%clk 0:05:27]} b6 {[%clk 0:05:21]}
32. b3 {[%clk 0:05:18]} a6 {[%clk 0:05:08]} 33. Bd4 {[%clk 0:05:13]} b5
{[%clk 0:05:05]} 34. axb5 {[%clk 0:05:12]} axb5 {[%clk 0:05:05]} 35. b4
{[%clk 0:05:13]} Kg5 {[%clk 0:05:03]} 36. Kxe6 {[%clk 0:05:10]} Kg6
{[%clk 0:04:59]} 37. Kxd5 {[%clk 0:05:04]} Kf5 {[%clk 0:04:58]} 38. c4
{[%clk 0:05:03]} bxc4 {[%clk 0:04:57]} 39. b5 {[%clk 0:05:03]} Kg6
{[%clk 0:04:33]} 40. b6 {[%clk 0:05:02]} Kf7 {[%clk 0:04:28]} 41. b7
{[%clk 0:05:01]} Kg6 {[%clk 0:04:16]} 42. b8=Q {[%clk 0:05:00]} Kh5
{[%clk 0:04:15]} 43. Qe5+ {[%clk 0:04:43]} Kg6 {[%clk 0:04:13]} 44. Qf6+
{[%clk 0:04:43]} Kh7 {[%clk 0:04:11]} 45. Qg7# {[%clk 0:04:39]} 1-0

[Event "msr26ss"]
[Site "?"]
[Date "2026.03.26"]
[Round "1.12"]
[White "Toth, Timon"]
[Black "Kovarova, Zuzana"]
[Result "0-1"]
[BlackElo "1607"]
[WhiteElo "1000"]
[LiveChessVersion "1.4.8"]

1. e4 {[%clk 0:10:00]} c5 {[%clk 0:10:03]} 2. d3 {[%clk 0:09:57]} Nc6
{[%clk 0:10:02]} 3. Nc3 {[%clk 0:09:56]} g6 {[%clk 0:09:56]} 4. Nf3
{[%clk 0:09:49]} Bg7 {[%clk 0:09:56]} 5. Bd2 {[%clk 0:09:32]} d6 {[%clk 0:09:48]}
6. a3 {[%clk 0:08:58]} Nf6 {[%clk 0:09:46]} 7. h3 {[%clk 0:08:02]} O-O
{[%clk 0:09:44]} 8. b4 {[%clk 0:07:59]} cxb4 {[%clk 0:09:19]} 9. axb4
{[%clk 0:07:50]} Nxb4 {[%clk 0:09:17]} 10. Rb1 {[%clk 0:06:43]} Nc6
{[%clk 0:09:00]} 11. d4 {[%clk 0:06:30]} Nd7 {[%clk 0:07:27]} 12. d5
{[%clk 0:05:24]} Nce5 {[%clk 0:07:19]} 13. Bf4 {[%clk 0:04:21]} Qc7
{[%clk 0:06:25]} 14. Qd2 {[%clk 0:03:00]} Nxf3+ {[%clk 0:06:04]} 15. gxf3
{[%clk 0:02:57]} Bxc3 {[%clk 0:06:02]} 16. Qxc3 {[%clk 0:02:34]} Qxc3+
{[%clk 0:06:01]} 17. Bd2 {[%clk 0:02:32]} Qxf3 {[%clk 0:05:06]} 18. Rg1
{[%clk 0:01:57]} Qxe4+ {[%clk 0:04:54]} 19. Kd1 {[%clk 0:01:39]} b6
{[%clk 0:03:51]} 20. Rb4 {[%clk 0:01:10]} Qe5 {[%clk 0:03:01]} 21. c3
{[%clk 0:00:32]} Bb7 {[%clk 0:02:37]} 22. f4 {[%clk 0:00:27]} Qxd5
{[%clk 0:01:49]} 23. Bg2 {[%clk 0:00:19]} Qh5+ {[%clk 0:01:46]} 24. Kc2
{[%clk 0:00:15]} Bxg2 {[%clk 0:01:43]} 25. Rxg2 {[%clk 0:00:15]} Qf5+
{[%clk 0:01:34]} 26. Kb2 {[%clk 0:00:07]} Nc5 {[%clk 0:01:32]} 27. h4
{[%clk 0:00:06]} Nd3+ {[%clk 0:01:32]} 28. Kb3 {[%clk 0:00:05]} Nxb4
{[%clk 0:01:32]} 29. Kxb4 {[%clk 0:00:06]} a5+ {[%clk 0:01:31]} 30. Kb3
{[%clk 0:00:06]} Qd5+ {[%clk 0:01:28]} 31. Kc2 {[%clk 0:00:06]} Qxg2
{[%clk 0:01:26]} 32. f5 {[%clk 0:00:03]} Rac8 {[%clk 0:01:19]} 0-1

[Event "msr26ss"]
[Site "?"]
[Date "2026.03.26"]
[Round "1.13"]
[White "Kendera, Martin"]
[Black "Elias, David"]
[Result "0-1"]
[BlackElo "2284"]
[WhiteElo "1576"]
[LiveChessVersion "1.4.8"]

1. e4 {[%clk 0:10:02]} c5 {[%clk 0:10:03]} 2. Nf3 {[%clk 0:10:01]} a6
{[%clk 0:09:58]} 3. d3 {[%clk 0:09:57]} Nc6 {[%clk 0:09:56]} 4. Nc3
{[%clk 0:09:53]} e6 {[%clk 0:09:54]} 5. Be3 {[%clk 0:09:37]} Nf6 {[%clk 0:09:50]}
6. d4 {[%clk 0:09:22]} cxd4 {[%clk 0:09:41]} 7. Bxd4 {[%clk 0:09:16]} Nxd4
{[%clk 0:09:39]} 8. Nxd4 {[%clk 0:09:15]} Bb4 {[%clk 0:09:37]} 9. a3
{[%clk 0:09:12]} Bxc3+ {[%clk 0:09:32]} 10. bxc3 {[%clk 0:09:12]} Nxe4
{[%clk 0:09:31]} 11. Bd3 {[%clk 0:09:08]} Nc5 {[%clk 0:09:20]} 12. O-O
{[%clk 0:09:06]} Nxd3 {[%clk 0:09:18]} 13. cxd3 {[%clk 0:09:06]} O-O
{[%clk 0:09:17]} 14. Re1 {[%clk 0:08:56]} d5 {[%clk 0:09:05]} 15. Nf3
{[%clk 0:08:41]} Qc7 {[%clk 0:08:46]} 16. Qd2 {[%clk 0:08:24]} Bd7
{[%clk 0:08:41]} 17. Ne5 {[%clk 0:08:02]} Rac8 {[%clk 0:08:38]} 18. Rac1
{[%clk 0:07:58]} f6 {[%clk 0:08:32]} 19. Nxd7 {[%clk 0:07:50]} Qxd7
{[%clk 0:08:32]} 20. d4 {[%clk 0:07:41]} Rc6 {[%clk 0:08:30]} 21. f4
{[%clk 0:06:32]} Rfc8 {[%clk 0:08:27]} 22. Re3 {[%clk 0:05:51]} Qd6
{[%clk 0:08:24]} 23. g3 {[%clk 0:05:48]} Qxa3 24. h4 {[%clk 0:04:46]} b5
{[%clk 0:07:50]} 25. c4 {[%clk 0:04:22]} Qa4 {[%clk 0:06:51]} 26. c5
{[%clk 0:04:11]} b4 {[%clk 0:06:50]} 27. Rb1 {[%clk 0:03:44]} a5 {[%clk 0:06:41]}
28. Kh2 {[%clk 0:03:01]} Qb5 {[%clk 0:06:33]} 29. g4 {[%clk 0:02:13]} Qb8
{[%clk 0:06:07]} 30. Kg3 {[%clk 0:01:45]} Re8 {[%clk 0:05:38]} 31. Rbb3
{[%clk 0:00:35]} Kh8 {[%clk 0:05:11]} 32. g5 {[%clk 0:00:27]} e5 {[%clk 0:04:58]}
33. gxf6 {[%clk 0:00:19]} exf4+ {[%clk 0:04:57]} 34. Kf3 {[%clk 0:00:11]} fxe3
{[%clk 0:04:53]} 35. Rxe3 {[%clk 0:00:10]} Rxf6+ {[%clk 0:04:50]} 36. Ke2 Qh2+
{[%clk 0:04:41]} 37. Kd1 {[%clk 0:00:05]} Qxd2+ {[%clk 0:04:37]} 38. Kxd2
{[%clk 0:00:06]} Rxe3 {[%clk 0:04:36]} 39. Kxe3 {[%clk 0:00:07]} a4
{[%clk 0:04:36]} 40. Kd3 {[%clk 0:00:06]} a3 {[%clk 0:04:37]} 41. Kc2
{[%clk 0:00:07]} a2 {[%clk 0:04:35]} 42. Kb2 {[%clk 0:00:08]} b3 {[%clk 0:04:36]}
43. Ka1 {[%clk 0:00:08]} Rf1+ {[%clk 0:04:34]} 44. Kb2 {[%clk 0:00:09]} a1=Q+
{[%clk 0:04:33]} 45. Kxb3 {[%clk 0:00:10]} Rb1+ {[%clk 0:04:22]} 46. Kc2 Qa2+
{[%clk 0:04:16]} 47. Kc3 {[%clk 0:00:07]} Rb3# {[%clk 0:04:15]} 0-1

[Event "msr26ss"]
[Site "?"]
[Date "2026.03.26"]
[Round "1.14"]
[White "Sekova, Olivia"]
[Black "Strakova, Diana"]
[Result "1-0"]
[BlackElo "1409"]
[WhiteElo "2058"]
[LiveChessVersion "1.4.8"]

1. e4 {[%clk 0:10:02]} c6 {[%clk 0:10:03]} 2. d4 {[%clk 0:10:02]} d5
{[%clk 0:10:03]} 3. Nc3 {[%clk 0:10:03]} e6 {[%clk 0:09:47]} 4. Nf3
{[%clk 0:10:02]} c5 {[%clk 0:09:38]} 5. dxc5 {[%clk 0:09:57]} Bxc5
{[%clk 0:09:34]} 6. Bb5+ {[%clk 0:09:39]} Nc6 {[%clk 0:09:22]} 7. exd5
{[%clk 0:09:28]} exd5 {[%clk 0:09:07]} 8. O-O {[%clk 0:09:07]} Nge7
{[%clk 0:08:42]} 9. Bg5 {[%clk 0:08:54]} f6 {[%clk 0:08:21]} 10. Bh4
{[%clk 0:08:43]} O-O {[%clk 0:08:11]} 11. Re1 {[%clk 0:08:37]} Re8
{[%clk 0:07:31]} 12. Nxd5 {[%clk 0:08:24]} Nxd5 {[%clk 0:07:02]} 13. Rxe8+
{[%clk 0:08:24]} Qxe8 {[%clk 0:06:53]} 14. Qxd5+ {[%clk 0:08:24]} Be6
{[%clk 0:06:05]} 15. Qxc5 {[%clk 0:08:24]} Rc8 {[%clk 0:05:55]} 16. Qe3
{[%clk 0:08:19]} a6 {[%clk 0:05:20]} 17. Ba4 {[%clk 0:08:18]} b5 {[%clk 0:05:08]}
18. Bb3 {[%clk 0:08:19]} Ne5 {[%clk 0:04:42]} 19. Nxe5 {[%clk 0:08:14]} fxe5
{[%clk 0:04:24]} 20. Qxe5 {[%clk 0:08:10]} Rc6 {[%clk 0:04:10]} 21. Re1
{[%clk 0:08:08]} Qg6 {[%clk 0:03:34]} 22. Bxe6+ {[%clk 0:08:07]} Kh8
{[%clk 0:03:13]} 23. Qb8+ {[%clk 0:08:05]} 1-0

[Event "msr26ss"]
[Site "?"]
[Date "2026.03.26"]
[Round "1.15"]
[White "Sablatura, Adam"]
[Black "Mizanin, Matej"]
[Result "0-1"]
[BlackElo "1675"]
[WhiteElo "1000"]
[LiveChessVersion "1.4.8"]

1. d4 {[%clk 0:10:02]} Nf6 {[%clk 0:10:03]} 2. c4 {[%clk 0:10:03]} c5
{[%clk 0:10:04]} 3. Nf3 {[%clk 0:09:58]} cxd4 {[%clk 0:10:05]} 4. Nxd4
{[%clk 0:09:58]} e6 {[%clk 0:10:06]} 5. Bf4 {[%clk 0:09:54]} Qa5+
{[%clk 0:09:51]} 6. Nc3 {[%clk 0:09:42]} e5 {[%clk 0:09:43]} 7. Bxe5
{[%clk 0:09:11]} Qxe5 {[%clk 0:09:43]} 8. e3 {[%clk 0:09:12]} Bc5
{[%clk 0:09:31]} 9. Be2 {[%clk 0:08:57]} Nc6 {[%clk 0:09:17]} 10. Nf3
{[%clk 0:08:29]} Qc7 {[%clk 0:08:48]} 11. Qc2 {[%clk 0:08:20]} d6
{[%clk 0:08:14]} 12. Rd1 {[%clk 0:08:01]} Be6 {[%clk 0:07:47]} 13. h4
{[%clk 0:07:18]} h6 {[%clk 0:07:40]} 14. a3 {[%clk 0:06:49]} a5 {[%clk 0:07:37]}
15. Nb5 {[%clk 0:06:35]} Qe7 {[%clk 0:07:16]} 16. Qc3 {[%clk 0:05:44]} Bd7
{[%clk 0:05:52]} 17. Nc7+ {[%clk 0:05:37]} Kf8 {[%clk 0:05:34]} 18. Nxa8
{[%clk 0:05:30]} Qd8 {[%clk 0:05:28]} 19. b4 {[%clk 0:05:12]} axb4
{[%clk 0:05:27]} 20. axb4 {[%clk 0:05:12]} Bxb4 {[%clk 0:05:28]} 21. Qxb4
{[%clk 0:04:49]} Nxb4 {[%clk 0:05:28]} 22. Rxd6 {[%clk 0:04:43]} Qxa8
{[%clk 0:05:26]} 23. Ne5 {[%clk 0:04:35]} Qa1+ {[%clk 0:05:24]} 24. Bd1
{[%clk 0:04:32]} Qxe5 {[%clk 0:05:24]} 25. Rb6 {[%clk 0:04:25]} Qc3+
{[%clk 0:05:22]} 26. Ke2 {[%clk 0:03:49]} Qb2+ {[%clk 0:05:21]} 27. Kf1
{[%clk 0:03:28]} Qd2 {[%clk 0:05:14]} 28. Be2 {[%clk 0:02:55]} Qc1+
{[%clk 0:05:11]} 29. Bd1 {[%clk 0:02:48]} Qxd1# {[%clk 0:05:09]} 0-1

[Event "msr26ss"]
[Site "?"]
[Date "2026.03.26"]
[Round "1.16"]
[White "Knapova, Nicol"]
[Black "Kral, Michal"]
[Result "1-0"]
[BlackElo "1000"]
[WhiteElo "1604"]
[LiveChessVersion "1.4.8"]

1. e4 {[%clk 0:10:02]} e5 {[%clk 0:10:03]} 2. Nf3 {[%clk 0:10:03]} Nc6
{[%clk 0:10:03]} 3. Bc4 {[%clk 0:10:02]} Bc5 {[%clk 0:09:44]} 4. c3
{[%clk 0:09:58]} d6 {[%clk 0:09:40]} 5. d4 {[%clk 0:09:36]} Bb6 {[%clk 0:09:22]}
6. dxe5 {[%clk 0:09:11]} dxe5 {[%clk 0:09:10]} 7. Qxd8+ {[%clk 0:09:10]} Nxd8
{[%clk 0:09:07]} 8. Nxe5 {[%clk 0:09:09]} Nf6 {[%clk 0:09:00]} 9. Nd2
{[%clk 0:08:19]} O-O {[%clk 0:08:41]} 10. f3 {[%clk 0:07:26]} Re8
{[%clk 0:08:23]} 11. Nd3 {[%clk 0:07:22]} Nc6 {[%clk 0:07:33]} 12. Bb5
{[%clk 0:06:36]} Bd7 {[%clk 0:07:30]} 13. Nb3 {[%clk 0:06:11]} Rad8
{[%clk 0:06:58]} 14. Bg5 {[%clk 0:05:33]} a6 {[%clk 0:06:53]} 15. Bxf6
{[%clk 0:05:10]} Ra8 {[%clk 0:06:26]} 16. Bxc6 {[%clk 0:04:58]} bxc6
{[%clk 0:06:23]} 17. Bd4 {[%clk 0:04:46]} Rab8 {[%clk 0:05:50]} 18. Bxb6
{[%clk 0:04:33]} cxb6 {[%clk 0:05:48]} 19. O-O {[%clk 0:04:27]} b5
{[%clk 0:05:40]} 20. Nbc5 {[%clk 0:04:17]} Red8 {[%clk 0:05:33]} 21. Ne5
{[%clk 0:03:57]} a5 {[%clk 0:04:57]} 22. Nexd7 {[%clk 0:03:46]} Rbc8
{[%clk 0:04:38]} 23. Rad1 {[%clk 0:03:33]} b4 {[%clk 0:04:31]} 24. cxb4
{[%clk 0:03:12]} axb4 {[%clk 0:04:31]} 25. Nb6 {[%clk 0:03:05]} Rb8
{[%clk 0:04:10]} 26. Rxd8+ {[%clk 0:02:50]} Rxd8 {[%clk 0:04:10]} 27. Nbd7
{[%clk 0:02:50]} h6 {[%clk 0:04:02]} 28. Kf2 {[%clk 0:02:50]} Ra8
{[%clk 0:03:53]} 29. Ra1 {[%clk 0:02:47]} Ra5 {[%clk 0:03:36]} 30. a3
{[%clk 0:02:46]} b3 {[%clk 0:03:30]} 31. Nxb3 {[%clk 0:02:44]} Rb5
{[%clk 0:03:25]} 32. Ndc5 {[%clk 0:02:44]} Rb6 {[%clk 0:03:18]} 33. Rd1
{[%clk 0:02:43]} Rb8 {[%clk 0:03:15]} 34. a4 {[%clk 0:02:43]} Ra8
{[%clk 0:03:13]} 35. a5 {[%clk 0:02:44]} Kh8 {[%clk 0:03:08]} 36. Rd7
{[%clk 0:02:38]} Kh7 {[%clk 0:02:58]} 37. Rxf7 {[%clk 0:02:37]} Rd8
{[%clk 0:02:49]} 38. Rd7 {[%clk 0:02:37]} Rc8 {[%clk 0:02:38]} 39. Ke3
{[%clk 0:02:37]} Kg6 {[%clk 0:02:16]} 40. a6 {[%clk 0:02:35]} Kg5
{[%clk 0:02:11]} 41. Rxg7+ {[%clk 0:02:32]} Kh5 {[%clk 0:02:00]} 42. g3
{[%clk 0:02:25]} Rd8 {[%clk 0:01:59]} 43. a7 {[%clk 0:02:23]} Ra8
{[%clk 0:01:34]} 44. Na5 {[%clk 0:02:08]} Rd8 {[%clk 0:01:23]} 45. Nxc6
{[%clk 0:02:00]} Rc8 {[%clk 0:01:02]} 46. Rb7 {[%clk 0:01:59]} Re8
{[%clk 0:00:54]} 47. Rb8 {[%clk 0:01:56]} Kg5 {[%clk 0:00:41]} 48. Rxe8
{[%clk 0:01:55]} h5 {[%clk 0:00:38]} 49. Rg8+ {[%clk 0:01:51]} Kh6
{[%clk 0:00:37]} 50. Kf4 {[%clk 0:01:50]} Kh7 {[%clk 0:00:28]} 51. Rg5
{[%clk 0:01:50]} Kh6 {[%clk 0:00:28]} 52. Kf5 {[%clk 0:01:48]} Kh7
{[%clk 0:00:26]} 53. Kf6 {[%clk 0:01:35]} Kh6 {[%clk 0:00:26]} 54. Re5
{[%clk 0:01:20]} Kh7 {[%clk 0:00:24]} 55. Kg5 {[%clk 0:01:20]} Kg7
{[%clk 0:00:23]} 56. Re7+ {[%clk 0:01:21]} Kf8 {[%clk 0:00:22]} 57. Rb7
{[%clk 0:01:22]} Ke8 {[%clk 0:00:20]} 58. Kf6 {[%clk 0:01:21]} Kf8
{[%clk 0:00:04]} 59. Rb8# {[%clk 0:01:23]} 1-0

[Event "msr26ss"]
[Site "?"]
[Date "2026.03.26"]
[Round "1.17"]
[White "Kudela, Oliver"]
[Black "Kocis, Daniel"]
[Result "1-0"]
[BlackElo "1945"]
[WhiteElo "2024"]
[LiveChessVersion "1.4.8"]

1. e4 {[%clk 0:09:59]} c5 {[%clk 0:10:04]} 2. Nf3 d6 3. d4 {[%clk 0:09:58]} cxd4
{[%clk 0:10:04]} 4. Nxd4 {[%clk 0:09:58]} Nf6 {[%clk 0:10:04]} 5. Nc3
{[%clk 0:09:59]} g6 {[%clk 0:10:05]} 6. Be3 {[%clk 0:09:59]} Bg7 {[%clk 0:10:06]}
7. f3 {[%clk 0:09:59]} O-O {[%clk 0:10:06]} 8. Qd2 {[%clk 0:09:58]} Nc6
{[%clk 0:10:06]} 9. O-O-O {[%clk 0:09:58]} Bd7 {[%clk 0:10:06]} 10. Kb1
{[%clk 0:09:54]} Rc8 {[%clk 0:10:04]} 11. g4 {[%clk 0:09:07]} Ne5
{[%clk 0:09:41]} 12. Be2 {[%clk 0:08:33]} Qa5 {[%clk 0:09:02]} 13. Nd5
{[%clk 0:08:14]} Qxd2 {[%clk 0:08:57]} 14. Nxe7+ {[%clk 0:08:13]} Kh8
{[%clk 0:08:58]} 15. Rxd2 {[%clk 0:08:13]} Rce8 {[%clk 0:08:59]} 16. g5
{[%clk 0:06:24]} Rxe7 {[%clk 0:08:03]} 17. gxf6 {[%clk 0:06:24]} Bxf6
{[%clk 0:08:04]} 18. Nb3 {[%clk 0:05:32]} Nc6 {[%clk 0:05:50]} 19. Rxd6
{[%clk 0:04:37]} Be5 {[%clk 0:05:49]} 20. Rd2 {[%clk 0:04:28]} f5
{[%clk 0:05:36]} 21. Bc5 {[%clk 0:04:25]} Rfe8 {[%clk 0:05:32]} 22. Bxe7
{[%clk 0:04:25]} Rxe7 {[%clk 0:05:33]} 23. Rhd1 {[%clk 0:03:42]} Be6
{[%clk 0:05:27]} 24. Bd3 {[%clk 0:03:35]} Bf4 {[%clk 0:05:12]} 25. Re2
{[%clk 0:03:32]} Bxb3 {[%clk 0:05:02]} 26. axb3 {[%clk 0:03:31]} Nd4
{[%clk 0:04:56]} 27. Rf2 {[%clk 0:03:20]} Be3 {[%clk 0:04:38]} 28. Rff1
{[%clk 0:03:20]} f4 {[%clk 0:04:36]} 29. Bc4 {[%clk 0:03:05]} b5 {[%clk 0:04:22]}
30. c3 {[%clk 0:02:30]} bxc4 {[%clk 0:04:14]} 31. cxd4 {[%clk 0:02:30]} cxb3
{[%clk 0:04:13]} 32. Rd3 {[%clk 0:02:07]} a5 {[%clk 0:04:03]} 33. Rxb3
{[%clk 0:01:48]} Bxd4 {[%clk 0:04:04]} 34. Rd1 {[%clk 0:01:49]} Be3
{[%clk 0:03:58]} 35. Rb5 {[%clk 0:01:40]} Ra7 {[%clk 0:03:13]} 36. Rdd5
{[%clk 0:01:39]} a4 {[%clk 0:03:10]} 37. Ra5 {[%clk 0:01:40]} Rc7
{[%clk 0:03:11]} 38. Rxa4 {[%clk 0:01:32]} Rc1+ {[%clk 0:03:11]} 39. Ka2
{[%clk 0:01:34]} Kg7 {[%clk 0:03:03]} 40. Rb4 {[%clk 0:01:06]} Rf1
{[%clk 0:02:54]} 41. Rb7+ {[%clk 0:01:06]} Kh6 {[%clk 0:02:55]} 42. Rdd7
{[%clk 0:01:07]} Rxf3 {[%clk 0:02:49]} 43. Rxh7+ {[%clk 0:01:06]} Kg5
{[%clk 0:02:49]} 44. h4+ {[%clk 0:00:56]} Kg4 {[%clk 0:02:49]} 45. Rbg7
{[%clk 0:00:43]} Rf2 {[%clk 0:02:41]} 46. Rxg6+ {[%clk 0:00:42]} Kf3
{[%clk 0:02:42]} 47. e5 {[%clk 0:00:42]} Bd4 {[%clk 0:02:41]} 48. Rb7
{[%clk 0:00:36]} Bxe5 {[%clk 0:02:35]} 49. h5 {[%clk 0:00:36]} Rh2
{[%clk 0:02:34]} 50. h6 {[%clk 0:00:37]} Ke4 {[%clk 0:02:04]} 51. h7
{[%clk 0:00:26]} Kf5 {[%clk 0:01:59]} 52. Rg8 {[%clk 0:00:25]} Bxb2
{[%clk 0:01:36]} 53. Rxb2 {[%clk 0:00:24]} Rxh7 {[%clk 0:01:37]} 54. Rf2
{[%clk 0:00:20]} Rf7 {[%clk 0:01:36]} 55. Ra8 {[%clk 0:00:20]} Ke4
{[%clk 0:01:29]} 56. Kb1 {[%clk 0:00:20]} Ke3 {[%clk 0:01:29]} 57. Raa2
{[%clk 0:00:20]} Rc7 {[%clk 0:01:22]} 58. Rfe2+ {[%clk 0:00:16]} Kf3
{[%clk 0:01:22]} 59. Rf2+ {[%clk 0:00:16]} Kg3 {[%clk 0:01:22]} 60. Rg2+
{[%clk 0:00:15]} Kf3 {[%clk 0:01:23]} 61. Raf2+ {[%clk 0:00:16]} Ke3
{[%clk 0:01:24]} 62. Rf1 {[%clk 0:00:11]} Rb7+ {[%clk 0:01:14]} 63. Kc1
{[%clk 0:00:12]} Ra7 {[%clk 0:00:46]} 64. Kb2 {[%clk 0:00:09]} Rb7+
{[%clk 0:00:42]} 65. Kc3 {[%clk 0:00:09]} Rc7+ {[%clk 0:00:43]} 66. Kb4
{[%clk 0:00:10]} Rb7+ {[%clk 0:00:20]} 67. Kc5 {[%clk 0:00:11]} Rc7+
{[%clk 0:00:20]} 68. Kd5 {[%clk 0:00:11]} f3 {[%clk 0:00:17]} 69. Rg3
{[%clk 0:00:09]} Rf7 {[%clk 0:00:11]} 70. Ke6 {[%clk 0:00:10]} Rf8
{[%clk 0:00:12]} 71. Rg5 {[%clk 0:00:05]} Ke2 {[%clk 0:00:10]} 72. Rh1
{[%clk 0:00:04]} f2 {[%clk 0:00:04]} 73. Re5+ {[%clk 0:00:06]} Kf3
{[%clk 0:00:04]} 74. Rf5+ {[%clk 0:00:06]} Ke3 {[%clk 0:00:05]} 75. Rxf8
{[%clk 0:00:00]} 1-0

[Event "msr26ss"]
[Site "?"]
[Date "2026.03.26"]
[Round "1.18"]
[White "Kundrat, Tomas"]
[Black "Klimek, Martin"]
[Result "0-1"]
[BlackElo "1803"]
[WhiteElo "1000"]
[LiveChessVersion "1.4.8"]

1. e4 {[%clk 0:09:59]} d5 {[%clk 0:10:03]} 2. Nf3 {[%clk 0:09:59]} dxe4
{[%clk 0:10:03]} 3. Ne5 {[%clk 0:09:59]} Qd5 {[%clk 0:09:51]} 4. Qh5
{[%clk 0:09:48]} Nf6 {[%clk 0:09:27]} 5. Qxf7+ {[%clk 0:09:33]} Qxf7
{[%clk 0:09:27]} 6. Nxf7 {[%clk 0:09:29]} Kxf7 {[%clk 0:09:26]} 7. Bc4+
{[%clk 0:09:27]} Be6 {[%clk 0:09:26]} 8. b3 {[%clk 0:09:25]} Bxc4
{[%clk 0:09:24]} 9. bxc4 {[%clk 0:09:24]} Nc6 {[%clk 0:09:23]} 10. c3
{[%clk 0:09:19]} e5 {[%clk 0:09:20]} 11. Ba3 {[%clk 0:08:39]} Rd8
{[%clk 0:09:17]} 12. O-O {[%clk 0:08:21]} Bxa3 {[%clk 0:09:10]} 13. Nxa3
{[%clk 0:08:20]} Rd3 {[%clk 0:09:09]} 14. Rfe1 Rxd2 15. Red1 {[%clk 0:07:48]}
Rhd8 {[%clk 0:09:09]} 16. h3 {[%clk 0:07:44]} Rxd1+ {[%clk 0:09:09]} 17. Rxd1
{[%clk 0:07:42]} Rd5 18. Rd2 Rxd2 {[%clk 0:09:08]} 19. Kh2 {[%clk 0:07:41]} Re2
20. Nb5 Rxf2 {[%clk 0:09:01]} 21. c5 {[%clk 0:05:30]} Nh5 {[%clk 0:08:56]} 22.
Kg1 {[%clk 0:05:02]} e3 {[%clk 0:08:57]} 23. g3 {[%clk 0:04:57]} Nxg3
{[%clk 0:08:57]} 24. c4 {[%clk 0:04:23]} Rf1+ {[%clk 0:08:57]} 25. Kg2
{[%clk 0:04:14]} e2 {[%clk 0:08:56]} 26. Nc3 {[%clk 0:04:09]} e1=Q
{[%clk 0:08:54]} 27. h4 {[%clk 0:03:44]} Qd2+ {[%clk 0:08:37]} 28. Kh3
{[%clk 0:03:00]} Rh1+ {[%clk 0:08:30]} 29. Kxg3 {[%clk 0:02:30]} Qf4+
{[%clk 0:08:30]} 30. Kg2 {[%clk 0:02:20]} Rh2+ {[%clk 0:08:28]} 31. Kg1
{[%clk 0:02:15]} Qf2# {[%clk 0:08:27]} 0-1